Thomas The Tank Engine Take Along Engines Quiz - Statistics

General Stats
  • This quiz has been taken 72 times
  • The average score is 31 of 48
Answer Stats
Hint Answer % Correct
2002 Thomas
98%
2002 Edward
94%
2002 James
94%
2002 Gordon
92%
2002 Henry
92%
2002 Duck
90%
2002 Percy
90%
2002 Toby
90%
2002 Donald
85%
2002 Douglas
85%
2007 Oliver
85%
2006 Diesel
83%
2004 Emily
79%
2004 Ben
77%
2004 Bill
77%
2007 Daisy
75%
2002 Diesel 10
71%
2007 Peter Sam
71%
2002 Duncan
69%
2009 Rusty
69%
2007 Sir Handel
69%
2009 Duke
67%
2003 Salty
67%
2006 Skarloey
67%
2007 Rheneas
65%
2004 Spencer
63%
2006 Molly
60%
2005 Arthur
58%
2002 Lady
58%
2003 Mavis
56%
2007 Stepney
54%
2003 Harvey
52%
2005 Murdoch
52%
2006 Neville
52%
2005 Fergus
48%
2009 Hiro
48%
2007 Rosie
48%
2007 Mighty Mac
46%
2008 Stanley
46%
2006 Dennis
44%
2008 Billy
40%
2008 Whiff
40%
2006 Culdee
33%
2006 Iron 'Arry
33%
2006 Iron Bert
33%
2002 Mike
33%
2009 D199
29%
2007 Fearless Freddie
29%
No matching quizzes found
Score Distribution
Percent of People with Each Score
Percentile by Number Answered
Your Score History
You have not taken this quiz